[Event "Foment Martinenc op-B 15th"]
[Site "Barcelona"]
[Date "2013.05.18"]
[Round "5"]
[White "Moliner Cano, Mario"]
[Black "Julian Solera, Laura"]
[Result "1-0"]
[WhiteElo "1700"]
[BlackElo "1734"]
[PlyCount "79"]
[EventDate "2013.04.20"]
[EventType "swiss"]
[EventRounds "9"]
[EventCountry "ESP"]
[SourceTitle "CBM 154 Extra"]
[Source "ChessBase"]
[SourceDate "2013.06.25"]
[SourceVersion "2"]
[SourceVersionDate "2013.06.25"]
[SourceQuality "1"]

1. d4 Nf6 2. Bg5 d5 3. c4 e6 4. Nc3 Be7 5. e3 h6 6. Bxf6 Bxf6 7. Nf3 0-0 8. Bd3 Qd6 9. 0-0 Nd7 10. cxd5 exd5 11. Bc2 c6 12. Qd3 g6 13. Rfe1 Nb6 14. e4 Qc7 15. e5 Bf5 16. Qd2 Bxc2 17. Qxc2 Be7 18. e6 Bd6 19. exf7+ Qxf7 20. Ne5 Bxe5 21. dxe5 Rad8 22. e6 Qe7 23. Qxg6+ Qg7 24. Qxg7+ Kxg7 25. e7 Rfe8 26. exd8Q Rxd8 27. f4 Rf8 28. Rf1 Nc4 29. g4 Kg6 30. Rae1 Nxb2 31. Re6+ Kg7 32. Re7+ Kg8 33. Rxb7 Nc4 34. g5 hxg5 35. fxg5 Re8 36. Rxa7 Nd2 37. Rf2 Re1+ 38. Kg2 Nc4 39. Re2 Rc1 40. Re8# 1-0

[Event "Foment Martinenc op-B 15th"]
[Site "Barcelona"]
[Date "2013.05.04"]
[Round "3"]
[White "Bes Alvarez, Alex"]
[Black "Moliner Cano, Mario"]
[Result "0-1"]
[WhiteElo "1700"]
[BlackElo "1700"]
[PlyCount "138"]
[EventDate "2013.04.20"]
[EventType "swiss"]
[EventRounds "9"]
[EventCountry "ESP"]
[SourceTitle "CBM 154 Extra"]
[Source "ChessBase"]
[SourceDate "2013.06.25"]
[SourceVersion "2"]
[SourceVersionDate "2013.06.25"]
[SourceQuality "1"]

1. e4 e5 2. Nf3 Nf6 3. Nxe5 d6 4. Nc4 Nxe4 5. Qe2 Qe7 6. d3 Nf6 7. Nxd6+ cxd6 8. Qxe7+ Bxe7 9. d4 Bf5 10. Bd3 Bxd3 11. cxd3 Nc6 12. d5 Nd4 13. Na3 Rc8 14. Be3 Nc2+ 15. Nxc2 Rxc2 16. Bc1 0-0 17. 0-0 Nxd5 18. h3 Nf6 19. Re1 Rc7 20. Bd2 d5 21. Ba5 b6 22. Bc3 Nd7 23. Rxe7 Rd8 24. Rae1 Rcc8 25. a4 Kf8 26. b4 Nf6 27. b5 Rxc3 28. g4 Re8 29. Rxe8+ Nxe8 30. g5 Rxd3 31. Re5 f6 32. gxf6 Nxf6 33. Re6 Ra3 34. Rc6 d4 35. Rc8+ Ne8 36. Rd8 Rxa4 37. Rd5 Nf6 38. Rd8+ Ke7 39. Rc8 d3 40. Rc7+ Kd8 41. Rc3 Rd4 42. Rc1 d2 43. Rd1 Nd5 44. f4 Nc3 45. Rf1 d1Q 46. Rxd1 Rxd1+ 47. Kg2 Rb1 48. Kf3 Rxb5 49. Kg4 a5 50. Kf3 h5 51. Kg3 a4 52. Kh2 a3 53. Kg3 a2 54. Kh4 a1Q 55. Kg3 Nd5 56. Kh4 Nf6 57. Kg3 Rb3+ 58. Kh4 Qe1+ 59. Kg5 Qg1+ 60. Kf5 Rb5+ 61. Ke6 Qg6 62. f5 Qxf5+ 63. Kf7 g5 64. Kf8 g4 65. hxg4 Nxg4+ 66. Kg8 Re5 67. Kg7 Re7+ 68. Kg8 Nh6+ 69. Kh8 Qf8# 0-1

[Event "Foment Martinenc op-B 15th"]
[Site "Barcelona"]
[Date "2013.04.20"]
[Round "1"]
[White "Agudo Martin, Francisco Javier"]
[Black "Moliner Cano, Mario"]
[Result "1-0"]
[WhiteElo "1612"]
[BlackElo "1700"]
[PlyCount "39"]
[EventDate "2013.04.20"]
[EventType "swiss"]
[EventRounds "9"]
[EventCountry "ESP"]
[SourceTitle "CBM 154 Extra"]
[Source "ChessBase"]
[SourceDate "2013.06.25"]
[SourceVersion "2"]
[SourceVersionDate "2013.06.25"]
[SourceQuality "1"]

1. e4 c5 2. Nf3 d6 3. d4 cxd4 4. Nxd4 Nf6 5. Nc3 a6 6. Bg5 h6 7. Bxf6 exf6 8. Bc4 Be7 9. 0-0 0-0 10. Qd2 Bd7 11. Kh1 Nc6 12. Nxc6 Bxc6 13. f4 Rc8 14. Rae1 Qd7 15. f5 Rfd8 16. Bd5 Rc7 17. Rf3 Rcc8 18. Rg3 Bxd5 19. Nxd5 Rc6 20. Qxh6 1-0